Seven Dirty Words Quiz Stats

 Plays Quiz Updated May 23, 2014

Support Sporcle.
Go Orange.
Score 0/7 Timer 01:30
14 Plays Today
% Correct
F Bomb
95.1%
Poop
92.1%
The C Word
74.8%
Overly Amorous Lover of Moms
39.5%
Pee Pee
35.5%
Bosom
27%
Fellatio Aficionado
23.4%

You're not logged in!

Compare scores with friends on all Sporcle quizzes.
OR
Log In
Forgot?

From the Vault

Equation Painting

by BoggelTeam

Science 8m
If we turn math into pretty art maybe people will want to do more of it.
Remove Ads.
Support Sporcle.
Get the best of Sporcle when you Go Orange. This ad-free experience offers more features, more stats, and more fun while also helping to support Sporcle. Thank you for becoming a member.

Show Comments

Extras

Top Quizzes Today


Score Distribution

Your Account Isn't Verified!

In order to create a playlist on Sporcle, you need to verify the email address you used during registration. Go to your Sporcle Settings to finish the process.

Report this User

Report this user for behavior that violates our Community Guidelines.

Details: